Statistiche per Piloti F1 2022

Clicka qui per fare il quiz!

Statistiche generali

  • Questo quiz è stato fatto 58 volte
  • Il punteggio medio è 17 su 22

Statistiche sulle risposte

NumeroPilotaScuderia% Corretto
1Max VerstappenOracle Red Bull Racing
100%
44Lewis HamiltonMercedes AMG Petronas
98%
11Sergio PerezOracle Red Bull Racing
98%
55Carlos Sainz JrScuderia Ferrari
96%
16Charles LeclercScuderia Ferrari
96%
4Lando NorrisMcLaren
96%
14Fernando AlonsoBWT Alpine
94%
5Sebastian VettelAston Martin Aramco Cognizant
84%
3Daniel RicciardoMcLaren
82%
77Valtteri BottasAlfa Romeo ORLEN
82%
22Yuki TsunodaScuderia AlphaTauri
82%
18Lance StrollAston Martin Aramco Cognizant
76%
23Alexander AlbonWilliams Racing
73%
31Esteban OconBWT Alpine
73%
63George RussellMercedes AMG Petronas
73%
10Pierre GaslyScuderia AlphaTauri
73%
24Zhou GuanyuAlfa Romeo ORLEN
67%
20Kevin MagnussenHaas
65%
47Mick SchumacherHaas
65%
6Nicholas LatifiWilliams Racing
61%
27Nico HulkenbergAston Martin Aramco Cognizant
57%
45Nyck De VriesWilliams Racing
35%

Distribuzione punteggi

Percentile per numero di risposta

Percentuale di utenti per punteggio

I tuoi punteggi nel tempo

Non hai fatto questo quiz